000
00255nam a22001217a 4500
008
171108b xxu||||| |||| 00| 0 eng d
041
_a
eng
080
_a
330.322
100
_a
64
101
_a
INV
245
_a
INVESTMENT
_c
ROBERT.C.R
942
_2
udc
_c
BK
999
_c
38214
_d
38214